000 02558nam a2200229Ia 4500
003 Ost
005 20260507075449.0
008 260507s9999||||xx |||||||||||||| ||und||
040 _cfsecg
041 _aara
082 _a336
100 _aالنقاش، غازي عبد الرزاق
_eمؤلف
245 0 _aالمالية العامة :
_bتحليل اسس الاقتصاديات المالية /
_c غازي عبد الرزاق النقاش
260 _aعمان:
_bدار وائل للنشر,
_c2003
300 _a363 صفحة؛
_bإيضاحات ؛
_c24 سم
504 _aبيبليوغرافيا ص.339
520 _aالفصل الأول : السياسة المالية مؤشرات لعملية الموازنة : تطور السياسة المالية ووظائفها : تكوين السياسة المالية-الفصل الثاني : التحليل الاقتصادي للمالية الحكومية : التوازن السياسي : القاعدة الضريبية-الفصل الثالث : التحليل الاقتصادي للموازنة : طبيعة الآثار : مفهوم العجز أو الفائض : موازنة الاستخدام التام-الفصل الرابع : أهداف الموازنة ومحددات النفقات العامة-الفصل الخامس : عملية الموازنة وتحليل الكلفة-الفائدة-الفصل السادس : أنواع الضرائب-الفصل السابع : تحليل الجوانب التنظيمية للموازنات نماذج أنظمة لمجموعات الدول-الفصل الثامن : الأسلوب الوظيفي لعملية الموازنة تحليل الأبعاد التطبيقية-الفصل التاسع : تخطيط النفقات والتنبؤ-الفصل العاشر : عجز الموازنة والدين الحكومي-الفصل الحادي عشر : دراسة تحليلية مركزة لأبعاد السياسة المالية في النظرية والتطبيق-الفصل الثاني عشر : دور المالية العامة (الخزانة) في الأسواق المالية والتمويل الحكومي الفصل الثالث عشر : تحديد الدخل ونظرية الاستقرار ، الفصل الرابع عشر : الأثار الناجمة عن تطبيق سياسة الموازنة المتمثلة في واقع الضريبة وأثار الانتاج
653 _aاقتصاديات المالية
653 _aالمالية العامة
653 _aتحليل اقتصادي
942 _cكتاب
999 _c44613
_d44613